000 00459nam a2200193Ia 4500
005 20250923150333.0
008 008 250917s9999 xx 000 0 eng d
037 _aReference
040 _aDSWL
_beng
_cDSWL
041 _aeng
_2eng
084 _qDSWL
245 0 _aIndian exclusion report 2013-14
260 _aBangalore
_bAction
_c2014
300 _a259p.
365 _aINR
_b995
925 _g995
942 _cREF
999 _c1462347
_d1462347